RESEARCH AND REPORT WRITING (Record no. 583185)
[ view plain ]
| 000 -LEADER | |
|---|---|
| fixed length control field | 00290nam a22001217a 4500 |
| 082 ## - DEWEY DECIMAL CLASSIFICATION NUMBER | |
| Classification number | 808.066,GAT'R |
| 100 ## - MAIN ENTRY--PERSONAL NAME | |
| Personal name | GATNER, E. S. M |
| 9 (RLIN) | 78025 |
| 245 ## - TITLE STATEMENT | |
| Title | RESEARCH AND REPORT WRITING |
| 260 ## - PUBLICATION, DISTRIBUTION, ETC. | |
| Place of publication, distribution, etc. | NEWYORK |
| Name of publisher, distributor, etc. | BARNESS NOBLE |
| Date of publication, distribution, etc. | 1960 |
| 300 ## - PHYSICAL DESCRIPTION | |
| Extent | 142P |
| 700 ## - ADDED ENTRY--PERSONAL NAME | |
| Personal name | CORDASCO, F |
| 9 (RLIN) | 78026 |
| 942 ## - ADDED ENTRY ELEMENTS (KOHA) | |
| Koha item type | Book |
| Withdrawn status | Lost status | Source of classification or shelving scheme | Damaged status | Not for loan | Permanent Location | Current Location | Shelving location | Date acquired | Shelving control number | Full call number | Barcode | Date last seen | Price effective from | Koha item type | Public note |
|---|---|---|---|---|---|---|---|---|---|---|---|---|---|---|---|
| College of Electrical & Mechanical Engineering (CEME) | College of Electrical & Mechanical Engineering (CEME) | Fiction | 02/27/2017 | English Literature | 808.066,GAT'R | CEME-1809 | 06/28/2021 | 06/28/2021 | Book | CART-4 |
